<?xml version="1.0" encoding="UTF-8"?>
<record
    xmlns:xsi="http://www.w3.org/2001/XMLSchema-instance"
    xsi:schemaLocation="http://www.loc.gov/MARC21/slim http://www.loc.gov/standards/marcxml/schema/MARC21slim.xsd"
    xmlns="http://www.loc.gov/MARC21/slim">

  <leader>02987nam a2200421   4500</leader>
  <datafield tag="999" ind1=" " ind2=" ">
    <subfield code="c">6558</subfield>
    <subfield code="d">6558</subfield>
  </datafield>
  <controlfield tag="003">OSt</controlfield>
  <controlfield tag="005">20260421124135.0</controlfield>
  <controlfield tag="008">190228c        xxuf||p| |||| 00| 0 spa d</controlfield>
  <datafield tag="020" ind1=" " ind2=" ">
    <subfield code="a">9789873047527</subfield>
  </datafield>
  <datafield tag="040" ind1=" " ind2=" ">
    <subfield code="c">PJ</subfield>
  </datafield>
  <datafield tag="245" ind1="1" ind2="0">
    <subfield code="a">Revista de derecho procesal :</subfield>
    <subfield code="b">Constituci&#xF3;n y proceso. Balance de los 30 a&#xF1;os de la reforma - II /</subfield>
    <subfield code="c">editor Roland Arazi...[et al.]</subfield>
  </datafield>
  <datafield tag="260" ind1=" " ind2=" ">
    <subfield code="a">Santa Fe:</subfield>
    <subfield code="b">Rubinzal-Culzoni,</subfield>
    <subfield code="c">2024.</subfield>
  </datafield>
  <datafield tag="300" ind1=" " ind2=" ">
    <subfield code="a">711 p.</subfield>
    <subfield code="c">23 cm.</subfield>
  </datafield>
  <datafield tag="310" ind1=" " ind2=" ">
    <subfield code="a">semestral</subfield>
  </datafield>
  <datafield tag="362" ind1=" " ind2=" ">
    <subfield code="a">No. 1 (2023)</subfield>
  </datafield>
  <datafield tag="505" ind1=" " ind2=" ">
    <subfield code="t">Constituci&#xF3;n. preguntas, declaraciones y efectividad /</subfield>
    <subfield code="r"> Enrique M. Falc&#xF3;n.</subfield>
  </datafield>
  <datafield tag="505" ind1=" " ind2=" ">
    <subfield code="t">Democracia y reformas constitucionales en la argentina - interrogantes y respuestas acerca de su eficacia /</subfield>
    <subfield code="r">Adelina Loian.</subfield>
  </datafield>
  <datafield tag="505" ind1=" " ind2=" ">
    <subfield code="t">El proceso de constitucionalizaci&#xF3;n del derecho procesal constitucional en la reforma de 1994 /</subfield>
    <subfield code="r"> Marcelo Alberto L&#xF3;pez Alfons&#xED;n.</subfield>
  </datafield>
  <datafield tag="505" ind1=" " ind2=" ">
    <subfield code="t">Crisis y perspectivas del acceso a la justicia /</subfield>
    <subfield code="r">Roberto O. Berizonce.</subfield>
  </datafield>
  <datafield tag="505" ind1=" " ind2=" ">
    <subfield code="t">El v&#xE9;rtice estrellado - la imperiosa necesidad de discutir el rol de la corte suprema de justicia de la naci&#xF3;n /</subfield>
    <subfield code="r">Jos&#xE9; Mar&#xED;a Salgado.</subfield>
  </datafield>
  <datafield tag="505" ind1=" " ind2=" ">
    <subfield code="t">Las acciones positivas a treinta a&#xF1;os de su recepci&#xF3;n constitucional /</subfield>
    <subfield code="r">Patricia Bermejo.</subfield>
  </datafield>
  <datafield tag="505" ind1=" " ind2=" ">
    <subfield code="t">El procurador general de la naci&#xF3;n no es parte en el proceso /</subfield>
    <subfield code="r">Trist&#xE1;n G&#xF3;mez Zavaglia.</subfield>
  </datafield>
  <datafield tag="505" ind1=" " ind2=" ">
    <subfield code="t">Los litigios colectivos m&#xE1;s all&#xE1; de &#x201C;halabi&#x201D; y de la acordada 12/2016 /</subfield>
    <subfield code="r">Carlos J. Laplacette.</subfield>
  </datafield>
  <datafield tag="505" ind1=" " ind2=" ">
    <subfield code="t">Antecedentes para la regulaci&#xF3;n del amparo /</subfield>
    <subfield code="r"> Jorge A. Rojas.</subfield>
  </datafield>
  <datafield tag="505" ind1=" " ind2=" ">
    <subfield code="t">H&#xE1;beas data: las fuentes period&#xED;sticas y las bases de datos de informaci&#xF3;n period&#xED;stica /</subfield>
    <subfield code="r">Mario Masciotra.</subfield>
  </datafield>
  <datafield tag="505" ind1=" " ind2=" ">
    <subfield code="t">La reforma constitucional de 1994 y el principio de transparencia activa en el sistema de justicia /</subfield>
    <subfield code="r"> Leandro Giannini, Diego Mart&#xED;nez, juliana delle Ville, Leandro Antonelli y Juli&#xE1;n Grigera.</subfield>
  </datafield>
  <datafield tag="505" ind1=" " ind2=" ">
    <subfield code="t">Derecho del consumidor y proceso judicial: balance a treinta a&#xF1;os de la reforma constitucional /</subfield>
    <subfield code="r">Agust&#xED;n Velasco y Tom&#xE1;s Marino.</subfield>
  </datafield>
  <datafield tag="505" ind1=" " ind2=" ">
    <subfield code="t">El proceso de consumo: situaci&#xF3;n actual y prospectiva - el impacto de la reforma constitucional de 1994 /</subfield>
    <subfield code="r">Carlos A. Hern&#xE1; dez.</subfield>
  </datafield>
  <datafield tag="505" ind1=" " ind2=" ">
    <subfield code="t">Principios del derecho procesal de las familias: tutela judicial efectiva y acceso a justicia de personas en situaci&#xF3;n de vulnerabilidad /</subfield>
    <subfield code="r">Natalia de la Torre.</subfield>
  </datafield>
  <datafield tag="505" ind1=" " ind2=" ">
    <subfield code="t">Derecho al recurso en el cppf a partir de las decisiones de la corte idh /</subfield>
    <subfield code="r"> &#xC1;ngela Ester Ledesma.</subfield>
  </datafield>
  <datafield tag="505" ind1=" " ind2=" ">
    <subfield code="t">Juicio por jurados: mayor diversidad que en la justicia t&#xE9;cnica - reflexiones a 30 a&#xF1;os de vigencia de la reforma constitucional de 1994 y en vista de la futura rg del comit&#xE9; de la cedaw /</subfield>
    <subfield code="r">Anal&#xED;a Ver&#xF3;nica Reyes.</subfield>
  </datafield>
  <datafield tag="650" ind1=" " ind2="0">
    <subfield code="9">267</subfield>
    <subfield code="a">DERECHO PROCESAL</subfield>
  </datafield>
  <datafield tag="700" ind1=" " ind2=" ">
    <subfield code="9">1980</subfield>
    <subfield code="a">Arazi, Roland</subfield>
    <subfield code="e">director</subfield>
  </datafield>
  <datafield tag="700" ind1=" " ind2=" ">
    <subfield code="9">119</subfield>
    <subfield code="a">Berizonce, Roberto Omar</subfield>
    <subfield code="e">director</subfield>
  </datafield>
  <datafield tag="700" ind1=" " ind2=" ">
    <subfield code="a">Falc&#xF3;n, Enrique Manuel</subfield>
    <subfield code="e">director</subfield>
    <subfield code="9">270</subfield>
  </datafield>
  <datafield tag="700" ind1=" " ind2=" ">
    <subfield code="9">2135</subfield>
    <subfield code="a">Peyrano, Jorge Walter</subfield>
    <subfield code="e">director</subfield>
  </datafield>
  <datafield tag="942" ind1=" " ind2=" ">
    <subfield code="2">udc</subfield>
    <subfield code="c">PP</subfield>
    <subfield code="h">347.9(05)</subfield>
    <subfield code="i">REV</subfield>
  </datafield>
  <datafield tag="952" ind1=" " ind2=" ">
    <subfield code="0">0</subfield>
    <subfield code="1">0</subfield>
    <subfield code="2">udc</subfield>
    <subfield code="4">0</subfield>
    <subfield code="7">0</subfield>
    <subfield code="a">DJS</subfield>
    <subfield code="b">DJS</subfield>
    <subfield code="d">2026-02-24</subfield>
    <subfield code="p">6735</subfield>
    <subfield code="r">2026-02-24</subfield>
    <subfield code="w">2026-02-24</subfield>
    <subfield code="y">PP</subfield>
  </datafield>
</record>
